000 00395nam a2200145Ia 4500
008 230711s9999||||xx |||||||||||||| ||und||
041 _aENG
082 _a624
_bRA-S
100 _aRamiah,Chickanagappa
245 0 _aHandbook of soil mechanics and foundation engineering
250 _a2nd . Ed.
260 _c1990
_aNew Delhi
_bOxford University Press
650 _aCivil Engineering
942 _cBK
999 _c3790
_d3790